| 000 | 00561nam a22002297a 4500 | ||
|---|---|---|---|
| 005 | 20240812165152.0 | ||
| 008 | 150313b xxu||||| |||| 00| 0 spa d | ||
| 020 | _a9788420691916 | ||
| 041 | _aESP | ||
| 082 | _a813.54 L897da | ||
| 100 |
_aLovecraft, Howard Phillips _97189 |
||
| 245 | _aDagón y otros cuentos macabros | ||
| 260 | _aEspaña | ||
| 260 | _bAlianza Editorial | ||
| 260 | _c2014 | ||
| 300 | _a307 páginas | ||
| 650 | _aLITERATURA ESTADOUNIDENSE | ||
| 650 | _aCUENTOS | ||
| 650 | _aMISTERIO | ||
| 650 | _aSUSPENSO | ||
| 942 |
_cLIT _2ddc |
||
| 999 |
_c3947 _d3947 |
||